| 000 | 00478cam a2200193ua 4500 | ||
|---|---|---|---|
| 001 | 8416 | ||
| 008 | 150129n ii |||gr||||Z||||||eng | ||
| 020 | _a9788176258180 | ||
| 040 | _cMAIN | ||
| 041 | _aeng | ||
| 082 | _a810 | ||
| 100 |
_aPatil, M., _eAuthor. |
||
| 245 | 1 |
_aStudies of African American literature _cBy Mallikarjun Patil |
|
| 250 | _a1st. | ||
| 260 |
_aNew Delhi: _bSarup, _c2012. |
||
| 300 | _ax,326p. | ||
| 653 | _aAmerican literature in English | ||
| 942 | _cBK | ||
| 999 |
_c7525 _d7525 |
||